00466nam a2200193 a 4500001001300000003000900013005001700022008004100039020001000080082001700090100001400107245004200121260003100163300000800194500003500202505001000237650001100247700001400258nice12345678IN_TiNIC20260116011337.0050524s1930 luna grp 000 0 ger  ac10000a297.124bMOB aMoberg, A aUber Engle Christiche Legenden in Der aLundbHaken Ohlssonsc1930 a38p aincludes index and biblioraphy2 aIndex aHadith1 aMoberg, A